Normal view MARC view
  • Llewelyn Davies Yeang

Entry Corporate Name

Number of records used in: 2

001 - CONTROL NUMBER

  • control field: 4885

003 - CONTROL NUMBER IDENTIFIER

  • control field: SIRSI

005 - DATE AND TIME OF LATEST TRANSACTION

  • control field: 20190806150238.0

008 - FIXED-LENGTH DATA ELEMENTS

  • fixed length control field: 060222n| aaannaabn |n ana d

040 ## - CATALOGING SOURCE

  • Original cataloging agency: OSt
  • Transcribing agency: OSt

110 2# - HEADING--CORPORATE NAME

  • Corporate name or jurisdiction name as entry element: Llewelyn Davies Yeang

670 ## - SOURCE DATA FOUND

  • Source citation: Better places to work, 2005